К вопросу о финансовой устойчивости субъектов РФ Статья
محفوظ في:
| المؤلف الرئيسي: | |
|---|---|
| التنسيق: | Статья |
| الوصول للمادة أونلاين: | https://znanium.com/catalog/document?id=174168 https://znanium.com/cover/0498/498269.jpg |
| الوسوم: |
إضافة وسم
لا توجد وسوم, كن أول من يضع وسما على هذه التسجيلة!
|
| LEADER | 01273nam0a2200205 i 4500 | ||
|---|---|---|---|
| 001 | RU\infra-m\znanium\bibl\498269 | ||
| 003 | https://znanium.com/catalog/document?id=174168 | ||
| 005 | 20190327000000.0 | ||
| 100 | |a 20190327d2014 m y0rusy0150 ca | ||
| 101 | 0 | |a rus | |
| 102 | |a RU | ||
| 200 | 1 | |a К вопросу о финансовой устойчивости субъектов РФ |e Статья |f Казанский (Приволжский) федеральный университет | |
| 210 | 1 | |a Москва |c Общество с ограниченной ответственностью Издательский дом ФИНАНСЫ и КРЕДИТ |d 2005 | |
| 215 | |a 3 с. | ||
| 333 | |a ВО - Бакалавриат | ||
| 608 | |a Статья |2 local | ||
| 700 | 1 | |a Сабитова |b Н.М. |g Надия Михайловна |p Казанский (Приволжский) федеральный университет | |
| 801 | 0 | |a RU |b Общество с ограниченной ответственностью «ЗНАНИУМ» |c 20141204 |2 rusmarc | |
| 856 | 4 | |a znanium.com |m ebs_support@infra-m.ru |n НИЦ ИНФРА-М |u https://znanium.com/catalog/document?id=174168 | |
| 856 | 4 | 1 | |a znanium.com |d /cover/0498 |f 498269.jpg |q image/jpeg |u https://znanium.com/cover/0498/498269.jpg |